Molecular Biology of Long Non-coding RNAs

This second edition shows how long non-coding RNAs (lnc)RNAs have emerged as a new paradigm in epigenetic regulation of the genome. Thousands of lncRNAs have been identified and observed in a wide range of organisms. Unlike mRNA, lncRNA have no protein-coding capacity. So, while their function is no...

Full description

Bibliographic Details
Corporate Author: SpringerLink (Online service)
Other Authors: Khalil, Ahmad M. (Editor, http://id.loc.gov/vocabulary/relators/edt)
Format: Electronic eBook
Language:English
Published: Cham : Springer International Publishing : Imprint: Springer, 2019.
Edition:2nd ed. 2019.
Subjects:
Online Access:Full Text via HEAL-Link
LEADER 03256nam a2200505 4500
001 978-3-030-17086-8
003 DE-He213
005 20191025003157.0
007 cr nn 008mamaa
008 190606s2019 gw | s |||| 0|eng d
020 |a 9783030170868  |9 978-3-030-17086-8 
024 7 |a 10.1007/978-3-030-17086-8  |2 doi 
040 |d GrThAP 
050 4 |a RB155-155.8 
050 4 |a QH431 
072 7 |a MFN  |2 bicssc 
072 7 |a MED107000  |2 bisacsh 
072 7 |a MFN  |2 thema 
082 0 4 |a 611.01816  |2 23 
082 0 4 |a 599.935  |2 23 
245 1 0 |a Molecular Biology of Long Non-coding RNAs  |h [electronic resource] /  |c edited by Ahmad M. Khalil. 
250 |a 2nd ed. 2019. 
264 1 |a Cham :  |b Springer International Publishing :  |b Imprint: Springer,  |c 2019. 
300 |a VII, 187 p. 10 illus., 9 illus. in color.  |b online resource. 
336 |a text  |b txt  |2 rdacontent 
337 |a computer  |b c  |2 rdamedia 
338 |a online resource  |b cr  |2 rdacarrier 
347 |a text file  |b PDF  |2 rda 
505 0 |a Preface -- Chromatin regulation by long non-coding RNAs -- Regulation of Eukaryotic Cell Differentiation by Long Noncoding RNAs -- Roles of long non-coding RNAs in X-chromosome inactivation -- Roles of Long Non-Coding RNAs in Genomic Imprinting -- Dysregulation of long noncoding RNAs in human disease -- Functions of long non-coding RNAs in non-mammalian systems -- Emerging technologies to study long non-coding RNAs -- Long non coding RNAs and nuclear body formation and function -- The role of long non-coding RNAs in immunity -- Novel methods to study long non-coding RNAs -- OMICs of long non-coding RNAs -- Cancer epigenetics and long non-coding RNAs -- Roles of long non-coding RNAs in human development -- Index. 
520 |a This second edition shows how long non-coding RNAs (lnc)RNAs have emerged as a new paradigm in epigenetic regulation of the genome. Thousands of lncRNAs have been identified and observed in a wide range of organisms. Unlike mRNA, lncRNA have no protein-coding capacity. So, while their function is not entirely clear, they may serve as key organizers of protein complexes that allow for higher order regulatory events. Advances in the field also include better characterization of human long non-coding RNAs, novel insights into their roles in human development and disease, their diverse mechanisms of action and novel technologies to study them. 
650 0 |a Human genetics. 
650 0 |a Proteins . 
650 0 |a Systems biology. 
650 1 4 |a Human Genetics.  |0 http://scigraph.springernature.com/things/product-market-codes/B12008 
650 2 4 |a Protein Science.  |0 http://scigraph.springernature.com/things/product-market-codes/L14040 
650 2 4 |a Systems Biology.  |0 http://scigraph.springernature.com/things/product-market-codes/L15010 
700 1 |a Khalil, Ahmad M.  |e editor.  |4 edt  |4 http://id.loc.gov/vocabulary/relators/edt 
710 2 |a SpringerLink (Online service) 
773 0 |t Springer eBooks 
776 0 8 |i Printed edition:  |z 9783030170851 
776 0 8 |i Printed edition:  |z 9783030170875 
776 0 8 |i Printed edition:  |z 9783030170882 
856 4 0 |u https://doi.org/10.1007/978-3-030-17086-8  |z Full Text via HEAL-Link 
912 |a ZDB-2-SBL 
950 |a Biomedical and Life Sciences (Springer-11642)